МЕТОДИЧЕСКОЕ письмо... по организации и ведению мониторинга экзогенных геологических процессов-стадии, последовательность, виды, содержание и конечные результаты работ. № 2 (Запись № 6549917)

Подробности
000 -МАРКЕР
контрольное поле 01528nam2a22002411 4500
001 - ИДЕНТИФИКАТОР ЗАПИСИ
контрольное поле rc\249123
005 - ИДЕНТИФИКАТОР ВЕРСИИ
контрольное поле 20250621063519.0
035 ## - ДРУГИЕ СИСТЕМНЫЕ НОМЕРА
Идентификатор записи (NLR Aleph) 005627929
100 ## - ДАННЫЕ ОБЩЕЙ ОБРАБОТКИ
Данные общей обработки 20030307d1990 |||y0rusy50 ca
101 0# - ЯЗЫК РЕСУРСА
Язык текста, звукозаписи и т.д. русский
102 ## - СТРАНА ПУБЛИКАЦИИ ИЛИ ПРОИЗВОДСТВА
Страна публикации Российская Федерация
105 ## - ПОЛЕ КОДИРОВАННЫХ ДАННЫХ: ТЕКСТОВЫЕ МАТЕРИАЛЫ, МОНОГРАФИЧЕСКИЕ
Кодированные данные о монографическом текстовом документе y |||||||||
200 0# - ЗАГЛАВИЕ И СВЕДЕНИЯ ОБ ОТВЕТСТВЕННОСТИ
Основное заглавие № 2
210 ## - ПУБЛИКАЦИЯ, РАСПРОСТРАНЕНИЕ И ДР.
Дата издания, распространения и т.д. 1990
Место издания, распространения и т.д. Б. м.
215 ## - ФИЗИЧЕСКАЯ ХАРАКТЕРИСТИКА
Специфическое обозначение материала и объем 18 с.
320 ## - ПРИМЕЧАНИЯ О НАЛИЧИИ В ДОКУМЕНТЕ БИБЛИОГРАФИИ / УКАЗАТЕЛЯ
Текст примечания Библиогр.: с. 17-18
461 #0 - УРОВЕНЬ НАБОРА
Встроенное поле 001rc\249122
-- 2001#$aМЕТОДИЧЕСКОЕ письмо... по организации и ведению мониторинга экзогенных геологических процессов-стадии, последовательность, виды, содержание и конечные результаты работ$fМ-во геологии СССР, ВНИИ гидрогеологии и инж. геологии (ВСЕГИНГЕО)$g[Сост. В.С. Круподеров]$v№ 2
Системный номер (АБИС) связанной записи 6549910
Место публикации М.
Дата публикации 1990
Первые сведения об ответственности М-во геологии СССР, ВНИИ гидрогеологии и инж. геологии (ВСЕГИНГЕО)
Имя издателя, распространителя и т.д. ВСЕГИНГЕО
Заглавие МЕТОДИЧЕСКОЕ письмо... по организации и ведению мониторинга экзогенных геологических процессов-стадии, последовательность, виды, содержание и конечные результаты работ
Номер тома № 2
801 #0 - ИСТОЧНИК ЗАПИСИ
Страна Российская Федерация
Организация NLR
Правила каталогизации psbo
801 #1 - ИСТОЧНИК ЗАПИСИ
Страна Российская Федерация
Организация ELAR
Источник данных rusmarc
852 ## - МЕСТОНАХОЖДЕНИЕ И ШИФР ХРАНЕНИЯ
Идентификатор организации NLR
Шифр хранения (Call Number) 90-4/12243
942 ## - ДОПОЛНИТЕЛЬНЫЕ ЭЛЕМЕНТЫ ЗАПИСИ (АБИС)
Тип экземпляра АБИС Книга
980 ## - КОЛЛЕКЦИЯ
Название коллекции Национальная библиография
Экземпляры
Тип экземпляра Дата поступления Библиотека постоянного хранения Библиотека текущего хранения Место хранения Шифр хранения Штрих-код Статус экземпляра
Книга 26.10.2013 РНБ (Московский) РНБ (Московский) Русский книжный фонд: издания с 1957 года 90-4/12243 5627929-10